| 000 | 01399nam a22003857a 4500 | ||
|---|---|---|---|
| 003 | CHAP | ||
| 005 | 20251215091626.0 | ||
| 008 | 971013s1991 r 00010 d | ||
| 010 | _a9544 | ||
| 011 | _a10516 | ||
| 035 | _a9753 | ||
| 040 | _cCHAP | ||
| 082 |
_a630.972 _bR7 |
||
| 100 | 1 | 0 |
_aRuvalcaba Mercado, Jesús _9101009 |
| 245 |
_aTecnología agrícola y trabajo familiar _b: una etnografía de la huasteca veracruzana |
||
| 260 |
_aMéxico,D.F. : _bLa Casa Chata, _c1991 |
||
| 300 |
_a222 p. _b: ilus |
||
| 490 | _aTecnología agrícola | ||
| 590 |
_aBATCH-UPD _b10 _c20130110 _lUCH01 _h1038 |
||
| 590 |
_aBATCH-UPD _b10 _c20130410 _lUCH01 _h0639 |
||
| 590 |
_aBATCH-UPD _b10 _c20130914 _lUCH01 _h0009 |
||
| 590 |
_aCONVERSION _b10 _c20130109 _lUCH01 _h1306 |
||
| 650 | 1 | 4 |
_aAgricultura _xTrabajadores _xVeracruz. _91881 |
| 650 | 1 | 4 |
_aAgricultura _zVeracruz. _91941 |
| 650 | 1 | 4 |
_aCampesinado _xVeracruz. _918047 |
| 650 | 1 | 4 |
_aFrijol _xVeracruz. _943452 |
| 650 | 1 | 4 |
_aMaíz _xVeracruz. _971085 |
| 650 | 1 | 4 |
_aSistemas de cultivo. _9106746 |
| 830 |
_aTecnología agrícola _9111959 |
||
| 901 | _aBK | ||
| 942 | _cLIBRO | ||
| 949 |
_a630.972 R7 _bBC _cLIBRO _d33724000048781 _eLIBRO _gI.c/e _h86134 _i9753 _si _t18.00 |
||
| 949 |
_a630.972 R7 _bBC _cLIBRO _d33724000048799 _eLIBRO _fc.2 _gI.c/e _h86135 _i9753 _si _t18.00 |
||
| 949 |
_a630.972 R7 _bBC _cLIBRO _d33724000048807 _eLIBRO _fc.3 _gI.c/e _h86136 _i9753 _si _t18.00 |
||
| 999 |
_c9544 _d9544 |
||